| 000 | 01724nas a2200277Ia 4500 | ||
|---|---|---|---|
| 001 | R300-R7239 | ||
| 003 | IT-CnALBA | ||
| 008 | 170116c99999999xx |||||||||||| ||und|| | ||
| 040 |
_aIT-CnALBA _cIT-CnALBA |
||
| 041 | _aITALIANO | ||
| 100 | _aARINZE FRANCIS, CARDINALE | ||
| 210 | _aSTUDI CATTOLICI | ||
| 222 | _aSTUDI CATTOLICI | ||
| 245 | 0 | _aSTUDI CATTOLICI. APRILE-MAGGIO 1985. | |
| 250 | _a1a ed. | ||
| 260 |
_aROMA - MILANO _bARES EDIZIONI _c1985 [1° Ed.:1985 - Ed.Ling.Originale: 1985] |
||
| 300 | _a80 p. | ||
| 310 | _aMENSILE | ||
| 362 | _aFascicolo: 290-291 / Anno: 29 (1985) | ||
| 500 | _aL'INCARNAZIONE DEL VANGELO NELLE CULTURE. LA SCUOLA E L'INFORMATICA. LA CHIESA ITALIANA CON IL PAPA A LORETO, CAVALLERI C. L'UNESCO SOFFOCATA DALLA BUROCRAZIA, MATHIEU V. QUO VADIS, KOLOSSAL? RUBRICA TELEVISIVA DI F. COLOMBO. LETTERA DA BERLINO, LIBERALI ALLA RISCOSSA. PASTORALE, DIACONIA DELLA SOFFERENZA. SACRA SCRITTURA, IL SALMO DELLA SPERANZA. DANTE, LA GIUSTIZIA E LO STILE. CENTENARO DI VICTOR HUGO, DRAMMATURGO. DE GASPERI E LA RERUM NOVARUM. | ||
| 501 | _aSocietà San Paolo EM - Piazza San Paolo, 14 - 12051 ALBA (CN) (non commercial uses only) ® Copyright 2017 | ||
| 520 | _aL'INCARNAZIONE DEL VANGELO NELLE CULTURE. LA SCUOLA E L'INFORMATICA. LA CHIESA ITALIANA CON IL PAPA A LORETO, CAVALLERI C. L'UNESCO SOFFOCATA DALLA BUROCRAZIA, MATHIEU V. QUO VADIS, KOLOSSAL? RUBRICA TELEVISIVA DI F. COLOMBO. LETTERA DA BERLINO, LIBERALI ALLA RISCOSSA. PASTORALE, DIACONIA DELLA SOFFERENZA. SACRA SCRITTURA, IL SALMO DELLA SPERANZA. DANTE, LA GIUSTIZIA E LO STILE. CENTENARO DI VICTOR HUGO, DRAMMATURGO. DE GASPERI E LA RERUM NOVARUM. | ||
| 650 | _aTEOLOGIA SOCIALE | ||
| 942 | _cCR | ||
| 957 | _71 | ||
| 999 |
_a58806 _bNO _g1 _c325833 _d325833 |
||